[Event "VEN pre olympic 2nd"]
[Site "Barquisimeto"]
[Date "2014.04.17"]
[Round "4"]
[White "Guerrero Vargas, Andres Jesus"]
[Black "Soto Paez, Oliver de la Trinid"]
[Result "1/2-1/2"]
[WhiteElo "2313"]
[BlackElo "2332"]
[PlyCount "23"]
[EventDate "2014.04.15"]
[EventType "tourn"]
[EventRounds "8"]
[EventCountry "VEN"]
[EventCategory "3"]
[SourceTitle "EXT 2016"]
[Source "ChessBase"]
[SourceDate "2015.10.08"]
[SourceVersion "1"]
[SourceVersionDate "2015.10.08"]
[SourceQuality "1"]

1. e4 e6 2. d4 d5 3. Nc3 Nf6 4. Bg5 Be7 5. e5 Nfd7 6. h4 Nc6 7. Nf3 f6 8. exf6 Nxf6 9. Bd3 0-0 10. a3 h6 11. Bg6 Ng4 12. Bxe7 1/2-1/2

[Event "VEN-ch"]
[Site "Lecheria"]
[Date "2014.01.15"]
[Round "9"]
[White "Martinez Reyes, Pedro Ramon"]
[Black "Soto Paez, Oliver de la Trinid"]
[Result "1/2-1/2"]
[WhiteElo "2246"]
[BlackElo "2336"]
[PlyCount "62"]
[EventDate "2014.01.10"]
[EventType "swiss"]
[EventRounds "9"]
[EventCountry "VEN"]
[SourceTitle "CBM 158 Extra"]
[Source "ChessBase"]
[SourceDate "2014.02.28"]
[SourceVersion "1"]
[SourceVersionDate "2014.02.28"]
[SourceQuality "1"]

1. e4 c5 2. Nf3 d6 3. Bb5+ Bd7 4. Bxd7+ Qxd7 5. 0-0 Nc6 6. c3 Nf6 7. Re1 e6 8. d4 cxd4 9. cxd4 d5 10. e5 Ne4 11. Nbd2 Nxd2 12. Bxd2 Be7 13. Bg5 h6 14. Bxe7 Qxe7 15. Qd2 0-0 16. Rac1 Rac8 17. Rc3 Nb4 18. a3 Rxc3 19. Qxc3 Nc6 20. Rc1 Rc8 21. h3 Qd7 22. Qd2 Ne7 23. Rc3 Rc6 24. Qc2 Qc7 25. Rxc6 Qxc6 26. Qxc6 Nxc6 27. Kf1 Kf8 28. Ke2 Ke7 29. Kd3 Kd7 30. Nd2 Na5 31. f4 Kc7 1/2-1/2

[Event "VEN-ch"]
[Site "Lecheria"]
[Date "2014.01.14"]
[Round "8"]
[White "Soto Paez, Oliver de la Trinid"]
[Black "Zambrano Rodriguez, Alexander"]
[Result "1-0"]
[WhiteElo "2336"]
[BlackElo "2258"]
[PlyCount "79"]
[EventDate "2014.01.10"]
[EventType "swiss"]
[EventRounds "9"]
[EventCountry "VEN"]
[SourceTitle "CBM 158 Extra"]
[Source "ChessBase"]
[SourceDate "2014.02.28"]
[SourceVersion "1"]
[SourceVersionDate "2014.02.28"]
[SourceQuality "1"]

1. e4 Nf6 2. e5 Nd5 3. c4 Nb6 4. c5 Nd5 5. Nc3 e6 6. d4 d6 7. cxd6 cxd6 8. Nf3 Nc6 9. Nxd5 exd5 10. Bd3 dxe5 11. dxe5 Bb4+ 12. Bd2 Bxd2+ 13. Qxd2 0-0 14. 0-0 Bg4 15. Qf4 Bxf3 16. Qxf3 Nxe5 17. Bxh7+ Kxh7 18. Qh5+ Kg8 19. Qxe5 Re8 20. Qd4 Re4 21. Qd3 Qa5 22. a3 Rae8 23. g3 d4 24. Rac1 Qd5 25. b4 b6 26. Rcd1 Qh5 27. Qc4 b5 28. Qc6 R8e6 29. Qd7 Rh6 30. h4 Qe5 31. Rd3 Rd6 32. Qxa7 Rg6 33. Qc5 Qxc5 34. bxc5 Rxh4 35. Rc1 Rhh6 36. Rxd4 Ra6 37. Rd8+ Kh7 38. Rc3 Rhc6 39. Rb8 Ra5 40. Rb7 1-0

[Event "VEN-ch"]
[Site "Lecheria"]
[Date "2014.01.13"]
[Round "6"]
[White "Soto Paez, Oliver de la Trinid"]
[Black "Rohl Montes, Juan Armando"]
[Result "1/2-1/2"]
[WhiteElo "2336"]
[BlackElo "2405"]
[PlyCount "60"]
[EventDate "2014.01.10"]
[EventType "swiss"]
[EventRounds "9"]
[EventCountry "VEN"]
[SourceTitle "CBM 158 Extra"]
[Source "ChessBase"]
[SourceDate "2014.02.28"]
[SourceVersion "1"]
[SourceVersionDate "2014.02.28"]
[SourceQuality "1"]

1. e4 e5 2. Nf3 Nf6 3. Nxe5 d6 4. Nf3 Nxe4 5. d4 d5 6. Bd3 Be7 7. 0-0 Nc6 8. c4 Nb4 9. Be2 0-0 10. Nc3 Bf5 11. a3 Nxc3 12. bxc3 Nc6 13. Re1 Re8 14. Bf4 dxc4 15. Bxc4 Bd6 16. Rxe8+ Qxe8 17. Ng5 Bg6 18. Bxd6 cxd6 19. h4 Qe7 20. Qg4 h6 21. h5 Bxh5 22. Qxh5 hxg5 23. Rd1 Rf8 24. Rd3 Qe1+ 25. Kh2 Qxf2 26. Rh3 Qf4+ 27. Kg1 Qc1+ 28. Kf2 Qd2+ 29. Kg1 Qc1+ 30. Kh2 Qf4+ 1/2-1/2

[Event "VEN-ch"]
[Site "Lecheria"]
[Date "2014.01.12"]
[Round "4"]
[White "Soto Paez, Oliver de la Trinid"]
[Black "Zavarce Sayago, Oscar Enrique"]
[Result "1-0"]
[WhiteElo "2336"]
[BlackElo "2223"]
[PlyCount "57"]
[EventDate "2014.01.10"]
[EventType "swiss"]
[EventRounds "9"]
[EventCountry "VEN"]
[SourceTitle "CBM 158 Extra"]
[Source "ChessBase"]
[SourceDate "2014.02.28"]
[SourceVersion "1"]
[SourceVersionDate "2014.02.28"]
[SourceQuality "1"]

1. e4 c5 2. Nf3 Nc6 3. d4 cxd4 4. Nxd4 Qb6 5. Nb3 Nf6 6. Nc3 e6 7. a3 Qc7 8. f4 d6 9. Be3 a6 10. a4 b6 11. Bd3 Be7 12. Qf3 Rb8 13. 0-0 0-0 14. Qh3 g6 15. Rae1 Re8 16. Kh1 Bf8 17. e5 Nd7 18. exd6 Bxd6 19. f5 gxf5 20. Bg5 Nce5 21. Nd4 f6 22. Nxe6 Rxe6 23. Nd5 Nxd3 24. Rxe6 Qxc2 25. Re8+ Bf8 26. Ne7+ Kg7 27. Qh6+ Kf7 28. Qh5+ Ke6 29. Nxf5+ 1-0

[Event "VEN-ch"]
[Site "Lecheria"]
[Date "2014.01.11"]
[Round "3"]
[White "Pulvett Marin, Daniel Eduardo"]
[Black "Soto Paez, Oliver de la Trinid"]
[Result "1-0"]
[WhiteElo "2423"]
[BlackElo "2336"]
[PlyCount "65"]
[EventDate "2014.01.10"]
[EventType "swiss"]
[EventRounds "9"]
[EventCountry "VEN"]
[SourceTitle "CBM 158 Extra"]
[Source "ChessBase"]
[SourceDate "2014.02.28"]
[SourceVersion "1"]
[SourceVersionDate "2014.02.28"]
[SourceQuality "1"]

1. d4 Nf6 2. c4 g6 3. Nc3 Bg7 4. e4 d6 5. Nf3 0-0 6. Be2 e5 7. Be3 exd4 8. Nxd4 Re8 9. f3 Nc6 10. Qd2 Bd7 11. 0-0 a6 12. Rfd1 Nxd4 13. Bxd4 Bc6 14. b4 b6 15. Rac1 Bb7 16. Qb2 Bh6 17. Rc2 Nd7 18. Nd5 Re6 19. Bf1 c6 20. Ne3 Ne5 21. Qb3 Bf4 22. Rf2 h5 23. g3 Bh6 24. Bh3 Re8 25. c5 d5 26. cxb6 Bxe3 27. Qxe3 Qd6 28. Qh6 dxe4 29. fxe4 Qxb4 30. Rxf7 Qxd4+ 31. Rxd4 Kxf7 32. Qh7+ Kf8 33. Rd6 1-0

[Event "San Cristobal Bolivar op 1st"]
[Site "San Cristobal"]
[Date "2012.09.26"]
[Round "2"]
[White "Soto Paez, Oliver de la Trinid"]
[Black "Cordova, Emilio"]
[Result "0-1"]
[WhiteElo "2350"]
[BlackElo "2554"]
[PlyCount "74"]
[EventDate "2012.09.25"]
[EventType "swiss"]
[EventRounds "10"]
[EventCountry "VEN"]
[SourceTitle "EXT 2013"]
[Source "ChessBase"]
[SourceDate "2012.11.22"]
[SourceVersion "1"]
[SourceVersionDate "2012.11.22"]
[SourceQuality "1"]

1. e4 g6 2. d4 Bg7 3. Nc3 d6 4. g3 Nc6 5. Be3 Nf6 6. h3 0-0 7. Bg2 e5 8. Nge2 Bd7 9. 0-0 Qc8 10. Kh2 Re8 11. Qd2 b5 12. a3 a6 13. d5 Na5 14. b3 Nb7 15. g4 h5 16. f3 c6 17. Bg5 hxg4 18. fxg4 Nh7 19. Be3 Qd8 20. Ng1 Rc8 21. Rf2 cxd5 22. Nxd5 Be6 23. a4 bxa4 24. Rxa4 Nc5 25. Bxc5 Rxc5 26. Nb4 a5 27. Na6 Rb5 28. Bf1 Rb6 29. Qxa5 Bh6 30. Bc4 Be3 31. Rf3 Qh4 32. Bxe6 fxe6 33. Nc7 Rf8 34. Rxe3 Qf2+ 35. Kh1 Qxe3 36. Nxe6 Rf1 37. Qa8+ Nf8 0-1

[Event "Barquisimeto-ch"]
[Site "Barquisimeto"]
[Date "2011.10.27"]
[Round "9"]
[White "Boada, Winston"]
[Black "Soto Paez, Oliver de la Trinid"]
[Result "1/2-1/2"]
[WhiteElo "2235"]
[BlackElo "2357"]
[PlyCount "139"]
[EventDate "2011.10.21"]
[EventType "tourn"]
[EventRounds "11"]
[EventCountry "VEN"]
[SourceTitle "EXT 2022"]
[Source "ChessBase"]
[SourceDate "2021.10.06"]
[SourceVersion "1"]
[SourceVersionDate "2021.10.06"]
[SourceQuality "1"]

1. d4 Nf6 2. c4 e6 3. Nf3 b6 4. g3 Ba6 5. b3 b5 6. cxb5 Bxb5 7. Bg2 Bb4+ 8. Bd2 a5 9. 0-0 0-0 10. a3 Bxd2 11. Qxd2 d5 12. Ne5 Nfd7 13. Nxd7 Nxd7 14. Rc1 Qb8 15. Nc3 Ba6 16. Rab1 c6 17. Na4 Bb5 18. e4 Rd8 19. Nc3 Ba6 20. Rb2 Qd6 21. Nb1 Rdb8 22. h3 Bb5 23. e5 Qc7 24. Nc3 Ba6 25. f4 Rb7 26. f5 Qb8 27. fxe6 fxe6 28. Qe3 Qe8 29. Kh2 Rab8 30. Nd1 a4 31. b4 Nb6 32. Rf2 Nc4 33. Qf3 Rf7 34. Qxf7+ Qxf7 35. Rxf7 Kxf7 36. Bf1 Ra8 37. Bxc4 Bxc4 38. Nc3 Ke7 39. Kg2 Kd7 40. Ne4 h6 41. Nd6 Bb5 42. Rc5 Rb8 43. Kf3 g6 44. h4 Rf8+ 45. Ke3 Rf1 46. Nxb5 cxb5 47. Rxb5 Ra1 48. Rb7+ Kc6 49. Re7 Rxa3+ 50. Kf2 Ra2+ 51. Kf3 a3 52. Rxe6+ Kb5 53. Re8 Ra1 54. Ra8 a2 55. Kg2 Kxb4 56. e6 Re1 57. Rxa2 Rxe6 58. Rc2 g5 59. Kh3 gxh4 60. g4 Re4 61. Rc6 Rxd4 62. Rxh6 Re4 63. g5 Re3+ 64. Kxh4 d4 65. Rd6 Kc3 66. g6 d3 67. g7 Re8 68. Kh5 d2 69. Rxd2 Kxd2 70. Kg6 1/2-1/2

[Event "Barquisimeto-ch"]
[Site "Barquisimeto"]
[Date "2011.10.27"]
[Round "10"]
[White "Soto Paez, Oliver de la Trinid"]
[Black "Ynojosa Aponte, Felix Jose"]
[Result "0-1"]
[WhiteElo "2357"]
[BlackElo "2294"]
[PlyCount "74"]
[EventDate "2011.10.21"]
[EventType "tourn"]
[EventRounds "11"]
[EventCountry "VEN"]
[SourceTitle "EXT 2022"]
[Source "ChessBase"]
[SourceDate "2021.10.06"]
[SourceVersion "1"]
[SourceVersionDate "2021.10.06"]
[SourceQuality "1"]

1. e4 c5 2. Nf3 Nc6 3. d4 cxd4 4. Nxd4 e5 5. Nb5 d6 6. N1c3 a6 7. Na3 b5 8. Nd5 Nce7 9. Bg5 Rb8 10. c4 b4 11. Nc2 a5 12. Bd3 h6 13. Bd2 Nxd5 14. cxd5 Nf6 15. a3 b3 16. Ne3 Nd7 17. Nc4 a4 18. Bb4 Nc5 19. 0-0 Nxd3 20. Qxd3 Be7 21. Na5 Bd7 22. Nc6 Bxc6 23. dxc6 0-0 24. Rac1 Qc7 25. Rfd1 Rfd8 26. Qc4 Rdc8 27. Rd5 Rb6 28. f4 Rxc6 29. Qxc6 Qa7+ 30. Bc5 Rxc6 31. Bxa7 Rxc1+ 32. Kf2 Rc2+ 33. Kf3 Rxb2 34. Ra5 Ra2 35. Rxa4 b2 36. Rb4 Rxa3+ 37. Be3 exf4 0-1

[Event "Barquisimeto-ch"]
[Site "Barquisimeto"]
[Date "2011.10.24"]
[Round "4"]
[White "Soto Paez, Oliver de la Trinid"]
[Black "Brizuela Abreu, Reivis Gabriel"]
[Result "1-0"]
[WhiteElo "2357"]
[BlackElo "2125"]
[PlyCount "107"]
[EventDate "2011.10.21"]
[EventType "tourn"]
[EventRounds "11"]
[EventCountry "VEN"]
[SourceTitle "EXT 2022"]
[Source "ChessBase"]
[SourceDate "2021.10.06"]
[SourceVersion "1"]
[SourceVersionDate "2021.10.06"]
[SourceQuality "1"]

1. e4 e6 2. d4 d5 3. Nc3 Nf6 4. e5 Nfd7 5. f4 c5 6. Nf3 Nc6 7. Be3 Be7 8. Qd2 0-0 9. g3 b6 10. Be2 f6 11. dxc5 Nxc5 12. exf6 Bxf6 13. 0-0-0 Bb7 14. Rhe1 Rc8 15. Nd4 Nxd4 16. Bxd4 Bxd4 17. Qxd4 Qf6 18. Bg4 Qg6 19. Bf3 Rf7 20. Kb1 a6 21. Re5 Qf6 22. Bg4 Re7 23. f5 Rce8 24. fxe6 Nxe6 25. Nxd5 Nxd4 26. Nxf6+ gxf6 27. Rxe7 Rxe7 28. Rxd4 Re1+ 29. Rd1 Rxd1+ 30. Bxd1 Kf7 31. Kc1 Ke6 32. Kd2 Ke5 33. Ke3 Be4 34. Be2 Bxc2 35. Bxa6 h6 36. Bd3 Bd1 37. Bb5 Bg4 38. b4 Be6 39. a4 Kd5 40. Bd3 Bc8 41. a5 bxa5 42. bxa5 Kc5 43. a6 Kb6 44. Kd4 Be6 45. Bc4 Bg4 46. Kd5 h5 47. h4 Bf3+ 48. Ke6 Kc5 49. Bf1 Kd4 50. Kd6 Ke3 51. Bc4 Kf2 52. Bd5 Bxd5 53. Kxd5 Kxg3 54. a7 1-0

[Event "Olympiad-39"]
[Site "Khanty-Mansiysk"]
[Date "2010.10.03"]
[Round "11.3"]
[White "Vazquez Reyes, Raul"]
[Black "Soto Paez, Oliver de la Trinid"]
[Result "1/2-1/2"]
[WhiteElo "2217"]
[BlackElo "2373"]
[PlyCount "62"]
[EventDate "2010.09.21"]
[EventType "team-swiss"]
[EventRounds "11"]
[EventCountry "RUS"]
[SourceTitle "CBM 139"]
[Source "ChessBase"]
[SourceDate "2010.11.18"]
[SourceVersion "1"]
[SourceVersionDate "2010.11.18"]
[SourceQuality "1"]
[WhiteTeam "Puerto Rico"]
[BlackTeam "Venezuela"]
[WhiteTeamCountry "PUR"]
[BlackTeamCountry "VEN"]

1. e4 c5 2. Nf3 e6 3. d4 cxd4 4. Nxd4 a6 5. Nc3 b5 6. g3 Bb7 7. Bg2 Ne7 8. 0-0 Nbc6 9. Nb3 Ng6 10. f4 Qb6+ 11. Kh1 h5 12. h3 h4 13. g4 b4 14. Ne2 a5 15. Nbd4 Bc5 16. Nxc6 Bxc6 17. f5 Ne5 18. Nf4 Qb7 19. Qe2 Rc8 20. Nd3 Bd4 21. Be3 Bxe3 22. Qxe3 Nxd3 23. cxd3 f6 24. g5 e5 25. Bf3 d5 26. gxf6 gxf6 27. Rg1 dxe4 28. dxe4 Rd8 29. Rg4 Rd4 30. Rag1 Qb5 31. Be2 Qc5 1/2-1/2

[Event "Olympiad-39"]
[Site "Khanty-Mansiysk"]
[Date "2010.09.30"]
[Round "9.3"]
[White "Soto Paez, Oliver de la Trinid"]
[Black "Van Hoolandt, Patrick"]
[Result "1-0"]
[WhiteElo "2373"]
[BlackElo "2151"]
[PlyCount "99"]
[EventDate "2010.09.21"]
[EventType "team-swiss"]
[EventRounds "11"]
[EventCountry "RUS"]
[SourceTitle "CBM 139"]
[Source "ChessBase"]
[SourceDate "2010.11.18"]
[SourceVersion "1"]
[SourceVersionDate "2010.11.18"]
[SourceQuality "1"]
[WhiteTeam "Venezuela"]
[BlackTeam "Monaco"]
[WhiteTeamCountry "VEN"]
[BlackTeamCountry "MNC"]

1. e4 e5 2. Nf3 Nc6 3. Bb5 Nf6 4. d3 Bc5 5. 0-0 Nd4 6. Nxd4 Bxd4 7. c3 Bb6 8. Bg5 c6 9. Ba4 h6 10. Bh4 d6 11. Nd2 g5 12. Bg3 Bg4 13. Qc2 h5 14. h4 Nd7 15. Nc4 Bc7 16. f3 Be6 17. Bb3 gxh4 18. Bf2 Rg8 19. Kh1 h3 20. g3 Qf6 21. Qe2 0-0-0 22. Ne3 Kb8 23. Bxe6 fxe6 24. Nc4 d5 25. Nd2 Rde8 26. a4 Bb6 27. Be1 Qg5 28. b4 Be3 29. Nb3 Bf4 30. Rg1 h4 31. g4 h2 32. Rf1 Nf8 33. b5 Rc8 34. bxc6 Rxc6 35. Rb1 Ng6 36. Na5 Rc7 37. Qb2 Rgg7 38. Qb5 Qd8 39. Nc6+ Rxc6 40. Qxc6 Qe7 41. exd5 exd5 42. Qxd5 Bg3 43. Bd2 Qe8 44. Be3 Rd7 45. Qa5 Rc7 46. Bxa7+ Kc8 47. Bb6 e4 48. Qa8+ Kd7 49. Qxe8+ Kxe8 50. Bxc7 1-0

[Event "Olympiad-39"]
[Site "Khanty-Mansiysk"]
[Date "2010.09.22"]
[Round "2.3"]
[White "Tomashevsky, Evgeny"]
[Black "Soto Paez, Oliver de la Trinid"]
[Result "1-0"]
[WhiteElo "2701"]
[BlackElo "2373"]
[PlyCount "97"]
[EventDate "2010.09.21"]
[EventType "team-swiss"]
[EventRounds "11"]
[EventCountry "RUS"]
[SourceTitle "CBM 139"]
[Source "ChessBase"]
[SourceDate "2010.11.18"]
[SourceVersion "1"]
[SourceVersionDate "2010.11.18"]
[SourceQuality "1"]
[WhiteTeam "Russia II"]
[BlackTeam "Venezuela"]
[WhiteTeamCountry "RUS"]
[BlackTeamCountry "VEN"]

1. d4 Nf6 2. c4 g6 3. Nc3 Bg7 4. e4 d6 5. f3 0-0 6. Be3 c6 7. Bd3 Nbd7 8. Nge2 a6 9. a4 a5 10. Qd2 e5 11. d5 cxd5 12. cxd5 Nc5 13. Bc4 Bd7 14. Bxc5 dxc5 15. d6 Bc6 16. Nb5 Qd7 17. Nec3 Rfd8 18. 0-0 Bxb5 19. Nxb5 Ne8 20. Rad1 Ra6 21. f4 Nxd6 22. fxe5 Bxe5 23. Rxf7 Qxf7 24. Bxf7+ Nxf7 25. Qc2 Rxd1+ 26. Qxd1 Bxb2 27. Qc2 Be5 28. Qxc5 Rc6 29. Qd5 Rc1+ 30. Kf2 Ra1 31. Qb3 Rc1 32. g3 Kg7 33. Kg2 Re1 34. Qd3 Ra1 35. Qc2 h5 36. Nc3 Bd4 37. Ne2 Be5 38. Nf4 h4 39. Nd3 Bd4 40. Qc4 Rg1+ 41. Kh3 Ba1 42. Kxh4 Rg2 43. Kh3 Re2 44. Nc5 Re3 45. Qc1 Ng5+ 46. Kg4 Bd4 47. Kxg5 Rc3 48. Ne6+ Kf7 49. Nd8+ 1-0

[Event "San Jose zt 2.3"]
[Site "San Jose"]
[Date "2009.06.20"]
[Round "4"]
[White "Soto Paez, Oliver de la Trinid"]
[Black "Iturrizaga Bonelli, Eduardo"]
[Result "0-1"]
[WhiteElo "2388"]
[BlackElo "2528"]
[PlyCount "112"]
[EventDate "2009.06.19"]
[EventType "tourn"]
[EventRounds "13"]
[EventCountry "CRI"]
[EventCategory "6"]
[SourceTitle "CBM 130 Extra"]
[Source "ChessBase"]
[SourceDate "2009.07.02"]
[SourceVersion "2"]
[SourceVersionDate "2009.07.15"]
[SourceQuality "1"]

1. e4 c6 2. d4 d5 3. Nd2 dxe4 4. Nxe4 Bf5 5. Ng3 Bg6 6. h4 h6 7. Nf3 Nd7 8. h5 Bh7 9. Bd3 Bxd3 10. Qxd3 e6 11. Bf4 Qa5+ 12. Bd2 Bb4 13. c3 Be7 14. Ne4 Ngf6 15. c4 Qc7 16. g3 0-0 17. Nxf6+ Nxf6 18. 0-0-0 b5 19. Ne5 bxc4 20. Qxc4 Bd6 21. f4 c5 22. dxc5 Bxe5 23. fxe5 Qxe5 24. Rde1 Qc7 25. Kb1 Rac8 26. Bc3 Rfd8 27. Bxf6 gxf6 28. Qh4 Rd2 29. Qg4+ Kf8 30. Qb4 Qd8 31. c6+ Qd6 32. Qc3 Qd3+ 33. Qxd3 Rxd3 34. Rhf1 Ke7 35. Rc1 Rd6 36. Rc4 Rcxc6 37. Rg4 Rd5 38. Rgf4 f5 39. g4 Kf6 40. b4 Kg5 41. Kb2 Rc7 42. a4 fxg4 43. Rxf7 Rxf7 44. Rxf7 g3 45. Rxa7 Kxh5 46. Rc7 g2 47. Rc1 Kg4 48. b5 h5 49. b6 Rd6 50. a5 Rd5 51. Rc4+ Kh3 52. Rc3+ Kh2 53. b7 Rb5+ 54. Rb3 Rxb7 55. Rxb7 g1Q 56. a6 Qf1 0-1

[Event "Camaguey Juegos del Alba 3rd prelim"]
[Site "Camaguey"]
[Date "2009.04.16"]
[Round "2"]
[White "Soto Paez, Oliver de la Trinid"]
[Black "Martinez, Ariel"]
[Result "1-0"]
[WhiteElo "2388"]
[BlackElo "1951"]
[PlyCount "133"]
[EventDate "2009.04.15"]
[EventType "team-tourn"]
[EventRounds "5"]
[EventCountry "CUB"]
[SourceTitle "EXT 2019"]
[Source "ChessBase"]
[SourceDate "2018.10.10"]
[SourceVersion "1"]
[SourceVersionDate "2018.10.10"]
[SourceQuality "1"]
[WhiteTeam "Venezuela"]
[BlackTeam "Bolivia"]
[WhiteTeamCountry "VEN"]
[BlackTeamCountry "BOL"]

1. e4 c5 2. Nf3 d6 3. d4 cxd4 4. Nxd4 Nf6 5. Nc3 g6 6. Be3 Bg7 7. f3 0-0 8. Qd2 Nc6 9. Bc4 Nxd4 10. Bxd4 Be6 11. Bb3 Qa5 12. 0-0-0 Rfc8 13. Kb1 b5 14. h4 b4 15. Nd5 Nxd5 16. Bxg7 Nc3+ 17. bxc3 bxc3 18. Bxc3 Qxc3 19. h5 Qxd2 20. Rxd2 Rc5 21. hxg6 hxg6 22. Kb2 a5 23. Rd4 Rb8 24. Rhd1 Bd7 25. Kc1 Rbc8 26. R1d2 Kg7 27. Rd5 a4 28. Rxc5 Rxc5 29. Bd5 Bb5 30. a3 Kf6 31. Ba2 Be8 32. f4 g5 33. g3 Bc6 34. Rd4 e5 35. Rxd6+ Ke7 36. fxe5 Bxe4 37. c4 Rxe5 38. Ra6 Bg6 39. Rxa4 Re1+ 40. Kd2 Rg1 41. Ra7+ Kd8 42. Kc3 Kc8 43. c5 Kb8 44. Re7 Rxg3+ 45. Kb4 Rg1 46. Bxf7 Bxf7 47. Rxf7 g4 48. Kb5 g3 49. Rg7 g2 50. Kc6 Ka8 51. Rg8+ Ka7 52. a4 Ra1 53. Rxg2 Rxa4 54. Kc7 Ra1 55. c6 Ka6 56. Rb2 Ka7 57. Rb3 Ra2 58. Rb1 Ra3 59. Rc1 Ra2 60. Kc8 Kb6 61. c7 Ka7 62. Kd7 Rd2+ 63. Kc6 Ra2 64. Rc4 Ra5 65. c8Q Rc5+ 66. Kd6 Rc6+ 67. Qxc6 1-0

[Event "Olympiad-38"]
[Site "Dresden"]
[Date "2008.11.23"]
[Round "10"]
[White "Soto Paez, Oliver de la Trinid"]
[Black "Farid, Firman Syah"]
[Result "1/2-1/2"]
[WhiteElo "2396"]
[BlackElo "2154"]
[PlyCount "228"]
[EventDate "2008.11.13"]
[EventType "team-swiss"]
[EventRounds "11"]
[EventCountry "GER"]
[SourceTitle "CBM 128"]
[Source "ChessBase"]
[SourceDate "2009.01.28"]
[SourceVersion "1"]
[SourceVersionDate "2009.01.28"]
[SourceQuality "1"]
[WhiteTeam "Venezuela"]
[BlackTeam "Indonesia"]
[WhiteTeamCountry "VEN"]
[BlackTeamCountry "INA"]

1. e4 c5 2. Nf3 d6 3. d4 cxd4 4. Nxd4 Nf6 5. Nc3 a6 6. Be3 e6 7. f3 Nbd7 8. g4 h6 9. Qd2 b5 10. 0-0-0 Bb7 11. h4 b4 12. Na4 Qa5 13. b3 Nc5 14. a3 Rc8 15. Qxb4 Qc7 16. Nxc5 dxc5 17. Qa4+ Nd7 18. Ne2 c4 19. b4 Bc6 20. Qxa6 Ra8 21. Qxc4 Rxa3 22. Bd4 e5 23. Kb2 Bxb4 24. Qxb4 Ra4 25. Qc3 0-0 26. Be3 Qb7+ 27. Kc1 Rc8 28. Ng3 Bd5 29. Qb2 Rb4 30. Qa1 Bb3 31. Rh2 Ra4 32. Qb1 Ra2 33. Nf5 Rc3 34. Rd3 Qb4 35. Rxd7 Qa3+ 36. Kd1 Ra1 37. Qxa1 Qxa1+ 38. Bc1 Rxf3 39. Bd3 Qc3 40. Ne3 Be6 41. Rd8+ Kh7 42. Ke2 Rf4 43. Rg2 Qa1 44. Rg1 h5 45. gxh5 Rxh4 46. Kf2 Qa5 47. Rb8 Rxh5 48. Rb5 Qa7 49. Rg2 Qe7 50. Bd2 Qh4+ 51. Ke2 Bh3 52. Be1 Qf6 53. Rf2 Qg6 54. Bc3 f6 55. Rb7 Qg3 56. Be1 Qg1 57. Rxf6 Bg4+ 58. Nxg4 Qxg4+ 59. Rf3 Qg2+ 60. Rf2 Qg4+ 61. Kd2 Rh1 62. Rff7 Qg5+ 63. Kd1 Qe3 64. Rf1 Rh2 65. Bc3 Qc5 66. Bb2 Qe3 67. Rxg7+ Kh8 68. Bc1 Qh3 69. Rgf7 Qg4+ 70. R7f3 Kg7 71. Be3 Rh1 72. Kd2 Rxf1 73. Rxf1 Qg2+ 74. Rf2 Qh3 75. Bc4 Qd7+ 76. Bd5 Qa4 77. Rf5 Qb4+ 78. Ke2 Qb5+ 79. Kf2 Qa4 80. Rf7+ Kg6 81. Rc7 Qb4 82. Rc6+ Kg7 83. Bc4 Qf8+ 84. Ke2 Qd8 85. Rc5 Qd6 86. Rd5 Qb4 87. Kd3 Qa3+ 88. Bb3 Kf6 89. Bd2 Qa6+ 90. Bc4 Qa1 91. Ke2 Qh1 92. Rd6+ Ke7 93. Re6+ Kd7 94. Bd5 Qg2+ 95. Kd1 Qf1+ 96. Be1 Qf3+ 97. Kc1 Qf1 98. Kd2 Qf4+ 99. Ke2 Qg4+ 100. Ke3 Qf4+ 101. Kd3 Qf3+ 102. Kd2 Qf4+ 103. Kd1 Qf3+ 104. Kc1 Qf1 105. Kd2 Qf4+ 106. Kd1 Qf3+ 107. Kc1 Qf1 108. Kd1 Qf3+ 109. Kd2 Qf4+ 110. Kd3 Qf3+ 111. Kd2 Qf4+ 112. Ke2 Qg4+ 113. Kd3 Qf3+ 114. Kd2 Qf4+ 1/2-1/2

[Event "Olympiad-38"]
[Site "Dresden"]
[Date "2008.11.19"]
[Round "6"]
[White "Mohammad, Minhaz Uddin"]
[Black "Soto Paez, Oliver de la Trinid"]
[Result "1/2-1/2"]
[WhiteElo "2377"]
[BlackElo "2396"]
[PlyCount "123"]
[EventDate "2008.11.13"]
[EventType "team-swiss"]
[EventRounds "11"]
[EventCountry "GER"]
[SourceTitle "CBM 128"]
[Source "ChessBase"]
[SourceDate "2009.01.28"]
[SourceVersion "1"]
[SourceVersionDate "2009.01.28"]
[SourceQuality "1"]
[WhiteTeam "Bangladesh"]
[BlackTeam "Venezuela"]
[WhiteTeamCountry "BAN"]
[BlackTeamCountry "VEN"]

1. e4 c5 2. Nf3 e6 3. c4 b6 4. Nc3 Bb7 5. Be2 d6 6. d4 cxd4 7. Nxd4 Nf6 8. f3 Be7 9. Be3 a6 10. 0-0 Nbd7 11. Qd2 Rc8 12. Rac1 0-0 13. Rfd1 Qc7 14. Bf1 Qb8 15. Qf2 Bd8 16. b4 Re8 17. Nb3 Ne5 18. Bxb6 Nxc4 19. Bxd8 Rexd8 20. Na4 Bc6 21. Nac5 dxc5 22. Rxd8+ Rxd8 23. Bxc4 cxb4 24. Bxa6 Bb5 25. Bxb5 Qxb5 26. Qc5 Qe2 27. Qxb4 Qxa2 28. Qa5 Qxa5 29. Nxa5 g5 30. Nc6 Ra8 31. Rc2 Kg7 32. Nd4 Ra4 33. Nb5 Nd7 34. Kf2 Ne5 35. Kg3 Rb4 36. Nd6 Rd4 37. Nb5 Rd3 38. Nc7 Rd8 39. Kf2 h5 40. Ke2 h4 41. Nb5 Kf6 42. Rd2 Rxd2+ 43. Kxd2 h3 44. gxh3 Nxf3+ 45. Ke2 Ng1+ 46. Kf2 Nxh3+ 47. Kg3 Nf4 48. h4 Nh5+ 49. Kg4 gxh4 50. Kxh4 Nf4 51. Nd6 Ke7 52. Nc4 f6 53. Kg3 Nd3 54. Kf3 Kd7 55. Ke3 Nc5 56. Nd2 Kc6 57. Nf3 Kb5 58. Nd4+ Kb6 59. e5 fxe5 60. Nxe6 Nxe6 61. Ke4 Kc6 62. Kxe5 1/2-1/2

[Event "Olympiad-38"]
[Site "Dresden"]
[Date "2008.11.17"]
[Round "5"]
[White "Salov, Sergej"]
[Black "Soto Paez, Oliver de la Trinid"]
[Result "0-1"]
[WhiteElo "2269"]
[BlackElo "2396"]
[PlyCount "59"]
[EventDate "2008.11.13"]
[EventType "team-swiss"]
[EventRounds "11"]
[EventCountry "GER"]
[SourceTitle "CBM 128"]
[Source "ChessBase"]
[SourceDate "2009.01.28"]
[SourceVersion "1"]
[SourceVersionDate "2009.01.28"]
[SourceQuality "1"]
[WhiteTeam "ICSC"]
[BlackTeam "Venezuela"]
[BlackTeamCountry "VEN"]

1. e4 c5 2. Nf3 e6 3. Nc3 a6 4. g3 b5 5. Bg2 Bb7 6. d4 cxd4 7. Nxd4 b4 8. Na4 Nf6 9. 0-0 Bxe4 10. Bxe4 Nxe4 11. Re1 Nc5 12. Nxc5 Bxc5 13. Be3 Qb6 14. Qf3 Ra7 15. c3 0-0 16. a3 bxc3 17. bxc3 Rb7 18. a4 d5 19. a5 Qc7 20. Qe2 Bd6 21. Rec1 Rc8 22. Ra4 Qd7 23. Qa2 h6 24. c4 e5 25. Ne2 d4 26. Bd2 Bc5 27. Re1 Qf5 28. Nc1 Nd7 29. Nb3 Rcb8 30. Ra1 0-1